000 00367nam a22001577a 4500
003 OSt
008 250905b |||||||| |||| 00| 0 eng d
020 _a9783031296444
082 _a006.32 AGN
100 _aAGGARWAL,Charu C
245 _aNeural Networks and Deep Learning
250 _a2nd Ed
260 _aUSA
_bSpringer
_c2023
300 _a523
942 _2ddc
_cBK
999 _c13715
_d13715